000 01327cam a2200349 a 4500
001 1878365
003 ASAB
005 20180827062721.0
008 830727s1984 nyua b 101 0 eng
010 _a 83014759
020 _a978-81-7233-732-2
_c
040 _cASAB
050 0 0 _aQK753.S3
_bS24 1984
082 0 0 _a581.19214
_219
245 0 0 _aSalinity tolerance in plants :
_bmethods, mechanisms and management
_cby B.K. Garg, I.C. Gupta
260 _aIndia :
_bScientific Publishers (India),
_cc2011.
300 _axv, 435 p. :
_bill. ;
_c25 cm.
440 0 _aEnvironmental science and technology,
_x0194-0287
_92429
500 _a"A Wiley-Interscience publication."
500 _aPapers presented at an international conference held in Bellagio, Italy, sponsored by the Rockefeller Foundation.
504 _aIncludes bibliographies and indexes.
630 _aSalinity Tolerance
_93743
630 _aPlants
_93744
650 0 _aPlants
_xEffect of salt on
_vCongresses.
_92430
650 0 _aSalt-tolerant crops
_xPhysiology
_vCongresses.
_92431
650 0 _aSalt-tolerant crops
_xBreeding
_vCongresses.
_92432
700 1 _aStaples, Richard C.
_92433
700 1 _aToenniessen, Gary H.
_92434
710 2 _aRockefeller Foundation.
_92435
906 _a7
_bcbc
_corignew
_d1
_eocip
_f19
_gy-gencatlg
942 _2ddc
_cBK
999 _c480370
_d480370